=LOVE(イコールラブ)の楽曲 - Statistics

General Stats
  • This quiz has been taken 73 times
  • The average score is 32 of 72
Answer Stats
Hint Answer % Correct
17thシングル 絶対アイドル辞めないで
92%
1stシングル =LOVE
92%
18thシングル とくべチュ、して
81%
2ndシングル 僕らの制服クリスマス
72%
5thシングル 探せ ダイヤモンドリリー
72%
8thシングル 青春“サブリミナル”
72%
14thシングル ナツマトペ
72%
11thシングル あの子コンプレックス
69%
18thシングル 超特急逃走中
69%
10thシングル The 5th
69%
6thシングル ズルいよ ズルいね
67%
13thシングル この空がトリガー
67%
15thシングル ラストノートしか知らない
67%
12thシングル Be Selfish
67%
7thシングル CAMEO
67%
16thシングル 呪って呪って
64%
4thシングル Want you! Want you!
64%
9thシングル ウィークエンドシトロン
61%
9thシングル 夏祭り恋慕う
61%
14thシングル ヒロインズ
58%
17thシングル 海とレモンティー
58%
18thシングル 恋人以上、好き未満
58%
3rdシングル 樹愛羅、助けに来たぞ
56%
17thシングル 仲直りシュークリーム
56%
8thシングル しゅきぴ
53%
3rdシングル 手遅れcaution
53%
10thシングル お姫様にしてよ!
50%
12thシングル 真夜中マーメイド
50%
1stアルバム Oh!Darling
47%
1stシングル スタート!
44%
5thシングル 虹の素
44%
1stアルバム 桜の咲く音がした
44%
8thシングル 流星群
42%
16thシングル 君の第3ボタン
42%
13thシングル Kiara Tiara
42%
1stアルバム 現役アイドルちゅ〜
39%
1stアルバム 拝啓 貴方様
39%
9thシングル 祝祭
39%
12thシングル わたし、魔法使い
39%
15thシングル 狂想カタストロフィ
39%
(配信のみ) 866
39%
10thシングル BPM170の君へ
39%
7thシングル 君と私の歌
36%
14thシングル だからとて
36%
6thシングル Sweetest girl
36%
4thシングル 今、この船に乗れ!
33%
4thシングル アイカツハッピーエンド
33%
6thシングル 推しのいる世界
33%
11thシングル 知らんけど
33%
11thシングル 僕のヒロイン
33%
13thシングル ラブクリエイト
33%
(配信のみ) おかえり、花便り
33%
13thシングル Junkies
33%
10thシングル Poison Girl
33%
14thシングル ラブロケ
31%
(配信のみ) 宝物はグリーン
31%
7thシングル My Voice Is For You
31%
1stシングル 記憶のどこかで
28%
11thシングル 笑顔のレシピ
28%
15thシングル 「ドライブ デート 都内」
28%
2ndシングル ようこそ!イコラブ沼
25%
3rdシングル 「部活中に目が合うなって思ってたんだ」
25%
(配信のみ) 君だけの花道
25%
15thシングル どこが好きか言って
25%
5thシングル いらない ツインテール
22%
12thシングル 好きって、言えなかった
22%
1stアルバム セノビーインラブ
19%
1stアルバム お姉さんじゃダメですか?
19%
16thシングル 誰にもバレずに
19%
1stアルバム 24/7
19%
9thシングル ズッ友案件
17%
2ndシングル 届いてLOVE YOU♡
11%
No matching quizzes found
Score Distribution
Percent of People with Each Score
Percentile by Number Answered
Your Score History
You have not taken this quiz